Movies Quiz

Random Movies or Letter Quiz
Score 0/30 Timer 04:00
20 Plays Today
% Correct
Door
95.9%
Die
95.3%
Despicable
94.7%
Diary
93.8%
Darker
93.7%
Dallas
93.5%
Django
93.1%
Doctor
92.6%
Drift
92.4%
Deathly
91.7%
Death
89.6%
Date
88.8%
Daddy's
87.4%
Darkness
85.4%
Dragon
85.3%
% Correct
Days
85.3%
Dangerous
82.4%
Drugs
82.1%
Danish
81.1%
Driver
79.8%
Dinosaurs
77.4%
Dead
75.6%
Dogs
75.4%
Direction
73.1%
Day
70.5%
Deepwater
68.8%
Dark
65.6%
Dawn
64.3%
Dolphin
64.1%
Dreams
56.9%
Remove Ads.
Support Sporcle.
Get the best of Sporcle when you Go Orange. This ad-free experience offers more features, more stats, and more fun while also helping to support Sporcle. Thank you for becoming a member.

You're not logged in!

Compare scores with friends on all Sporcle quizzes.
OR
Log In

Show Comments

Extras

Top Quizzes Today


Score Distribution

Your Account Isn't Verified!

In order to create a playlist on Sporcle, you need to verify the email address you used during registration. Go to your Sporcle Settings to finish the process.

Report this User

Report this user for behavior that violates our Community Guidelines.

Details: